| 000 | 00527nam a2200181Ia 4500 | ||
|---|---|---|---|
| 001 | 24974 | ||
| 005 | 20260414151119.0 | ||
| 008 | 260414t1952||||xx |||||||||||||| ||spa|| | ||
| 041 | _aESP | ||
| 082 |
_a946.01 _bP43 |
||
| 100 |
_aPericot García, Luis _eAUT |
||
| 245 | 0 |
_aLas raíces de España : _bdiscurso pronunciado por el Excmo. Sr. D. Luis Pericot García en la sesión de clausura del XII pleno |
|
| 260 | _c1952 | ||
| 300 |
_a63 páginas : _c24 cm. |
||
| 650 | _aDER | ||
| 654 | _aCDE | ||
| 942 |
_cLIB _dJUS _fJUS _2ddc _n |
||
| 999 |
_c24974 _d24974 |
||